LEADER 04592nam 2200721Ia 450 001 9910457004803321 005 20200520144314.0 010 $a1-283-16203-2 010 $a9786613162038 010 $a90-04-21588-3 024 7 $a10.1163/ej.9789004208049.i-530 035 $a(CKB)2550000000040794 035 $a(EBL)737774 035 $a(OCoLC)743693813 035 $a(SSID)ssj0000523481 035 $a(PQKBManifestationID)12223031 035 $a(PQKBTitleCode)TC0000523481 035 $a(PQKBWorkID)10543068 035 $a(PQKB)11545654 035 $a(MiAaPQ)EBC737774 035 $a(nllekb)BRILL9789004215887 035 $a(PPN)174399332 035 $a(Au-PeEL)EBL737774 035 $a(CaPaEBR)ebr10483859 035 $a(CaONFJC)MIL316203 035 $a(EXLCZ)992550000000040794 100 $a20110502d2011 uy 0 101 0 $aeng 135 $aur|n|---||||| 181 $ctxt 182 $cc 183 $acr 200 00$aInternational crimes and other gross human rights violations$b[electronic resource] $ea multi- and interdisciplinary textbook /$fby Alette Smeulers and Fred Grunfeld 210 $aLeiden ;$aBoston $cMartinus Nijhoff Publishers$dc2011 215 $a1 online resource (552 p.) 225 1 $aInternational and comparative criminal law series ;$vv. 32 300 $aDescription based upon print version of record. 311 $a90-04-20804-6 320 $aIncludes bibliographical references and index. 327 $tPreliminary Material /$rA. . Smeulers and F. Grünfeld -- $tChapter One. International Crimes And Other Gross Human Rights Violations Around The World /$rA. . Smeulers and F. Grünfeld -- $tChapter Two. War Crimes /$rA. . Smeulers and F. Grünfeld -- $tChapter Three. Crimes Against Humanity /$rA. . Smeulers and F. Grünfeld -- $tChapter Four. Torture /$rA. . Smeulers and F. Grünfeld -- $tChapter Five. Genocide /$rA. . Smeulers and F. Grünfeld -- $tChapter Six. Human Nature And Social-Psychological Insights /$rA. . Smeulers and F. Grünfeld -- $tChapter Seven. Conformism, Group Behaviour And Collective Identities /$rA. . Smeulers and F. Grünfeld -- $tChapter Eight. Training And Education Of Perpetrators /$rA. . Smeulers and F. Grünfeld -- $tChapter Nine. Ordinary People In Extra-Ordinary Circumstances /$rA. . Smeulers and F. Grünfeld -- $tChapter Ten. Bystanders /$rA. . Smeulers and F. Grünfeld -- $tChapter Eleven. Prevention By Bystanders /$rA. . Smeulers and F. Grünfeld -- $tChapter Twelve. Case Studies: Failure To Prevent Genocide In Rwanda (1994), Srebrenica (1995) And Darfur (Since 2003) /$rA. . Smeulers and F. Grünfeld -- $tChapter Thirteen. Intervention By Bystanders /$rA. . Smeulers and F. Grünfeld -- $tChapter Fourteen. Post-Conflict Justice /$rA. . Smeulers and F. Grünfeld -- $tBibliography /$rA. . Smeulers and F. Grünfeld -- $tBiographic Note /$rA. . Smeulers and F. Grünfeld -- $tIndex /$rA. . Smeulers and F. Grünfeld. 330 $aInternational crimes such as genocide, crimes against humanity and war crimes as well as other gross human rights violations are manifestations of collective violence which endanger international peace and security. and warrant our full attention. It however takes a multi- and interdisciplinary approach to understand the true nature and causes of this type of criminality. The aim of this book is to take such an approach and to provide university students, scholars, professionals and practitioners within the field with the knowledge they need. The legal background and particularities of international crimes; the social context in which these crimes are committed as well as the perpetrators and bystanders thereof are studied. Within the book many case studies are presented as illustrations. 410 0$aInternational and comparative criminal law series ;$vv. 32. 606 $aInternational crimes 606 $aWar crimes 606 $aCrimes against humanity 606 $aGenocide$xPrevention 606 $aHumanitarian intervention 608 $aElectronic books. 615 0$aInternational crimes. 615 0$aWar crimes. 615 0$aCrimes against humanity. 615 0$aGenocide$xPrevention. 615 0$aHumanitarian intervention. 676 $a345/.0235 701 $aSmeulers$b Alette$f1967-$0890631 701 $aGru?nfeld$b Fred$f1949-$0890632 801 0$bMiAaPQ 801 1$bMiAaPQ 801 2$bMiAaPQ 906 $aBOOK 912 $a9910457004803321 996 $aInternational crimes and other gross human rights violations$91989470 997 $aUNINA LEADER 01771oam 2200493zu 450 001 9910376311803321 005 20210807004812.0 010 $a1-4503-0259-9 035 $a(CKB)3460000000103227 035 $a(SSID)ssj0001120375 035 $a(PQKBManifestationID)11701732 035 $a(PQKBTitleCode)TC0001120375 035 $a(PQKBWorkID)11150410 035 $a(PQKB)10384199 035 $a(WaSeSS)IndRDA00011028 035 $a(Association for Computing Machinery)10.1145/2328909 035 $a(EXLCZ)993460000000103227 100 $a20160829d2011 uy 101 0 $aeng 135 $aur||||||||||| 181 $ctxt 182 $cc 183 $acr 200 10$aEuroPLoP 2012 : 15th European Conference on Pattern Languages of Programs : 7th-11th July 2010, Irsee, Germany : proceedings 210 31$a[Place of publication not identified]$cACM$d2011 215 $a1 online resource (329 pages) 225 1 $aACM Other conferences 300 $aBibliographic Level Mode of Issuance: Monograph 410 0$aACM Other conferences 517 1 $aProceedings of the 15th European Conference on Pattern Languages of Programs 517 1 $aEuroPLoP '10 European Conference on Pattern Languages of Programs 606 $aEngineering & Applied Sciences$2HILCC 606 $aComputer Science$2HILCC 615 7$aEngineering & Applied Sciences 615 7$aComputer Science 700 $aWeiss$b Michael$0383903 702 $aAveriou$b Paris 702 $aWeiss$b Michael 712 02$aACM Digital Library. 801 0$bPQKB 906 $aBOOK 912 $a9910376311803321 996 $aEuroPLoP 2012 : 15th European Conference on Pattern Languages of Programs : 7th-11th July 2010, Irsee, Germany : proceedings$92111131 997 $aUNINA